000 03314namaa2200385uu 4500
001 doab133104
003 oapen
005 20260218110428.0
006 m o d
007 cr|mn|---annan
008 240118s2024 xx |||||o ||| 0|eng d
020 _a0386.1.00
020 _a9781685711221
024 7 _a10.53288/0386.1.00
_2doi
040 _aoapen
_coapen
_d
041 0 _aeng
042 _adc
720 1 _aMcEwan, Cameron
_4aut
245 0 0 _aAnalogical City
260 _aBrooklyn, NY
_bpunctum books
_c2024
300 _a1 online resource (279 p.)
336 _atext
_btxt
_2rdacontent
337 _acomputer
_bc
_2rdamedia
338 _aonline resource
_bcr
_2rdacarrier
506 0 _fUnrestricted online access
_2star
520 _aIn Analogical City, Cameron McEwan argues for architecture's status as a critical project. McEwan revisits architect Aldo Rossi as a paradigmatic figure of the critical rational tradition, studying a neglected aspect of his thought - the analogical city - to excavate its potential. McEwan develops a grammar of the analogical city under the headings of Imagination, Transformation, City, Multitude, and Project. McEwan argues that the analogical city is critical, collective, and emancipatory. Analogical thought and understanding cities as analogical might open the conditions of possibility for rethinking the critical project in architecture. At a time when the humanities and the sciences are threatened by irrational thought, from climate denial to post-truth narratives, and when architecture has seemingly disavowed its critical capacity and political possibility through its commodification as an instrument of the neoliberal city, McEwan offers critical strategies, conceptual tools, figures of thought, and knowledge practices to articulate modes of thinking and acting differently within architectural criticism and practice. Today, knowledge is a common terrain of struggle and thought requires constant reinvention. The task of architecture, and critique more broadly, must be to interpret the world in order to change it. Consequently Analogical City proposes modes for imagining the city, the subject, and the world otherwise - towards a more egalitarian and critical architecture of the city. Ultimately, the analogical city is not a fully developed theory, nor is it only an intuitive, poetic, or purely formal practice, as some critics propose. McEwan argues that the analogical city is poetic and political: it always refers beyond itself towards a collective and critical project of the city, and yet it invites a series of formal, spatial, and graphic operations comprising erasure and negativity followed by substitution and remontage.
540 _aCreative Commons
_fhttps://creativecommons.org/licenses/by-nc-sa/4.0/
_2cc
_uhttps://creativecommons.org/licenses/by-nc-sa/4.0/
546 _aEnglish
650 7 _aCity and town planning: architectural aspects
_2bicssc
650 7 _aIndividual architects and architectural firms
_2bicssc
650 7 _aTheory of architecture
_2bicssc
793 0 _aDOAB Library.
856 _uhttps://docs.google.com/spreadsheets/d/1yKIrdCPDAG_9c22mwoOIO2DOhtj65Wqa/edit?usp=sharing&ouid=106555315294820607512&rtpof=true&sd=true
_yList of Curated E-Books
942 _cE-BOOK
999 _c80954
_d80953